[Event "AUTO-ADV-4769"]
[Site "http://www.queenalice.com/game.php?id=1839253"]
[Date "2024.6.26"]
[Round "2"]
[White "biano"]
[Black "tana"]
[Result "1-0"]
[WhiteElo "1978"]
[BlackElo "2020"]

1. d4 d5 2. c4 e6 3. Nf3 Nf6 4. Bg5 c6 5. e3 h6 6. Bh4 Be7 7. Be2 O-O 8. O-O Ne4
9. Bxe7 Qxe7 10. Nc3 Nd7 11. a3 b5 12. cxb5 Nxc3 13. bxc3 Bb7 14. Qa4 c5 15.
Rfb1 Nb6 16. Qb3 c4 17. Qd1 Na4 18. Qxa4 Rfb8 19. Ne5 Bc8 20. Nc6 Qb7 21. Nxb8
Qxb8 22. Qb4 Bd7 23. a4 Qb7 24. Bh5 g6 25. Bd1 Qc7 26. a5 Rb8 27. b6 axb6 28.
axb6 Rxb6 29. Qxb6 1-0

[Event "AUTO-ADV-4769"]
[Site "http://www.queenalice.com/game.php?id=1839254"]
[Date "2024.6.26"]
[Round "2"]
[White "tana"]
[Black "biano"]
[Result "1-0"]
[WhiteElo "2007"]
[BlackElo "1993"]

1. d4 d5 2. Nf3 Nf6 3. e3 c6 4. Bd3 Bg4 5. Nbd2 e6 6. h3 Bxf3 7. Nxf3 Be7 8. O-O
O-O 9. b3 Nbd7 10. Bb2 Rc8 11. Ne5 Qc7 12. f4 c5 13. Ba3 Nb6 14. c4 dxc4 15.
bxc4 cxd4 16. Bxe7 Qxe7 17. exd4 Rfd8 18. Nf3 Nxc4 19. Bxc4 Rxc4 20. Rc1 Rxc1
21. Qxc1 Nd5 22. g3 Qd6 23. Ne5 Ne7 24. Rd1 f6 25. Nf3 Qb6 26. Kg2 Nd5 27. Kf2
Rd7 28. Qc8+ Kf7 29. Qxd7+ 1-0

[Event "AUTO-MASTER-3178"]
[Site "http://www.queenalice.com/game.php?id=1843407"]
[Date "2024.9.9"]
[Round "2"]
[White "diedoofen"]
[Black "tana"]
[Result "1-0"]
[WhiteElo "2567"]
[BlackElo "2009"]

1. e4 e5 2. Nf3 d6 3. Nc3 Nf6 4. d4 Be7 5. dxe5 dxe5 6. Qxd8+ Bxd8 7. Nxe5 O-O
8. f3 Be6 9. Be3 Nc6 10. Nxc6 bxc6 11. O-O-O Be7 12. Ba6 Bb4 13. Na4 Nd7 14. Bb7
Rab8 15. Bxc6 Nb6 16. Nxb6 axb6 17. Bf4 Rfc8 18. a3 Bc5 19. Bd7 Rd8 20. Bxe6
Rxd1+ 21. Rxd1 fxe6 22. Bxc7 Rc8 23. Rd8+ Rxd8 24. Bxd8 Kf7 25. c4 Ke8 26. Bh4
Kd7 27. b4 Bd4 28. Kd2 Bb2 29. a4 Ba3 30. Kc3 Kc6 31. Bg5 h6 32. Be3 e5 33. Kb3
1-0

[Event "AUTO-MASTER-3178"]
[Site "http://www.queenalice.com/game.php?id=1843408"]
[Date "2024.9.9"]
[Round "2"]
[White "tana"]
[Black "diedoofen"]
[Result "0-1"]
[WhiteElo "2022"]
[BlackElo "2568"]

1. d4 d5 2. Nf3 Nf6 3. e3 Bg4 4. Nbd2 Nbd7 5. h3 Bxf3 6. Nxf3 e6 7. Bd3 c5 8.
O-O c4 9. Be2 b5 10. c3 Be7 11. b3 O-O 12. Ne5 Nxe5 13. dxe5 Ne4 14. Bb2 Qc7 15.
Bf3 Qxe5 16. Bxe4 Qxe4 17. Rb1 a5 18. Re1 Rfd8 19. Qe2 Rac8 20. Rbd1 Qe5 21. Rd4
Bc5 22. Rg4 f5 23. Rh4 Qf6 24. Qh5 h6 25. Kf1 e5 26. g4 Be7 27. Kg2 Qxh4 28.
Qxf5 Rf8 29. Qe6+ Kh8 30. Rf1 e4 31. bxc4 Rcd8 32. cxd5 Rf3 33. c4 Qxh3+ 34. Kg1
Bd6 35. Be5 Bxe5 0-1

[Event "Challenge"]
[Site "http://www.queenalice.com/game.php?id=1843452"]
[Date "2024.9.10"]
[Round "-"]
[White "tana"]
[Black "Capixaba789"]
[Result "1/2-1/2"]
[WhiteElo "2002"]
[BlackElo "1954"]

1. d4 e5 2. e3 exd4 3. Bd3 dxe3 4. Bxe3 d5 5. Nf3 Bg4 6. Nbd2 Nf6 7. h3 Be6 8.
O-O Be7 9. Ne5 O-O 10. Ndf3 Nbd7 11. Bd4 c5 12. Be3 d4 13. Bf4 Nxe5 14. Nxe5 a6
15. Re1 Re8 16. b3 b5 17. a3 Bd5 18. g3 Bb7 19. f3 Qc8 20. a4 Qxh3 21. Qe2 Nh5
22. Qh2 Qxh2+ 23. Kxh2 Nxf4 24. gxf4 Rad8 25. Kg2 Bf6 26. Be4 Bc8 27. Bc6 Rf8
28. axb5 axb5 29. Bxb5 Bf5 30. Re2 Ra8 31. Rxa8 Rxa8 32. Ba4 h6 33. Nd7 Bxd7 34.
Bxd7 Rd8 35. Bb5 g6 36. Kh3 Rd5 37. Kg4 h5+ 38. Kh3 Rf5 39. Re4 Kg7 40. Kg3 h4+
41. Kh3 g5 42. Kg4 Rxf4+ 43. Rxf4 gxf4 44. Kxf4 Kg6 45. Kg4 Be7 46. Bc4 f5+ 47.
Kh3 Bg5 48. Bd3 Kf6 49. Kg2 Be3 50. Kh3 Kg5 51. Be2 f4 52. Bd3 Bf2 53. Kg2
1/2-1/2